Movies Quiz

Random Movies or Actor Quiz
Score 0/9 Timer 02:00
0 Plays Today
Years Actor % Correct
1993, 1994Tom Hanks
87.4%
1975, 1997Jack Nicholson
72.4%
1954, 1972Marlon Brando
64.7%
1989, 2007, 2012Daniel Day-Lewis
60%
1979, 1988Dustin Hoffman
57.4%
2003, 2008Sean Penn
49.9%
1937, 1938Spencer Tracy
38.8%
1941, 1952Gary Cooper
25.8%
1931, 1946Fredric March
19.6%

You're not logged in!

Compare scores with friends on all Sporcle quizzes.
OR
Log In

Sporcle TV

Today on Sporcle TV


Watch our educational content, quiz creation guides, and fun videos on Sporcle TV.

Show Comments

Extras

Top Quizzes Today


Score Distribution

Paid Content

Your Account Isn't Verified!

In order to create a playlist on Sporcle, you need to verify the email address you used during registration. Go to your Sporcle Settings to finish the process.

Report this User

Report this user for behavior that violates our Community Guidelines.

Details: